[Event "Katowice POL-HUN 3rd"]
[Site "Katowice"]
[Date "2015.03.21"]
[Round "1"]
[White "Przybylski, Wojciech"]
[Black "Sensula, Marek"]
[Result "1-0"]
[WhiteElo "2378"]
[BlackElo "1741"]
[PlyCount "97"]
[EventDate "2015.03.21"]
[EventType "swiss (rapid)"]
[EventRounds "9"]
[EventCountry "POL"]
[SourceTitle "CBM 165 Extra"]
[Source "ChessBase"]
[SourceDate "2015.04.21"]
[SourceVersion "1"]
[SourceVersionDate "2015.04.21"]
[SourceQuality "1"]

1. d4 d5 2. c4 c6 3. Nf3 Nf6 4. Nc3 e6 5. e3 Be7 6. Qc2 Nbd7 7. b3 0-0 8. Bd3 b6 9. 0-0 Bb7 10. Bb2 Rc8 11. Rad1 h6 12. Ne5 c5 13. f4 cxd4 14. exd4 Ne4 15. Nxe4 dxe4 16. Bxe4 Bxe4 17. Qxe4 Nf6 18. Qb7 Rc7 19. Qf3 Qd6 20. f5 Nh7 21. Kh1 Ng5 22. Qg4 Bf6 23. h4 exf5 24. Rxf5 Nh7 25. Rdf1 Re7 26. Qf4 Bxe5 27. dxe5 Qd3 28. Ba3 Rfe8 29. Bxe7 Rxe7 30. Rxf7 g5 31. Qf5 Qxf5 32. R7xf5 Kg7 33. h5 g4 34. R1f4 Rd7 35. Rxg4+ Ng5 36. Kh2 Rd2 37. a3 Rd3 38. Rg3 Rd2 39. e6 Re2 40. Rf7+ Kg8 41. Rf6 Kh7 42. Rxg5 hxg5 43. Kh3 Re3+ 44. Kg4 Rxb3 45. Rf3 Rb2 46. Re3 Rxg2+ 47. Kf3 Rh2 48. Kg3 Rxh5 49. e7 1-0